Statystyki dla Top 5 miast w Wielkopolsce pod względem powierzchni

Kliknij tutaj aby rozwiązać quiz!

Ogólne statystyki

  • Ten quiz został rozwiązany 44 razy
  • Średni wynik to 3 z 5

Statystyki odpowiedzi

PowierzchniaOdpowiedź% Poprawnych
261 km²Poznań
100%
82 km²Konin
79%
69 km²Kalisz
76%
102km²Piła
71%
72 km²Jastrowie
9%

Rozkład punktacji

Percentyl według liczby udzielonych odpowiedzi

Procent ludzi z każdym wynikiem

Twoja historia wyników

Nie rozwiązałeś tego quizu